Basic biostatistics / (Record no. 51324)

MARC details
000 -LEADER
fixed length control field 00528nam a2200205Ia 4500
005 - DATE AND TIME OF LATEST TRANSACTION
control field 20260429111909.0
008 - FIXED-LENGTH DATA ELEMENTS--GENERAL INFORMATION
fixed length control field 260429s9999||||xx |||||||||||||| ||und||
020 ## - INTERNATIONAL STANDARD BOOK NUMBER
International Standard Book Number 9789358874655
041 ## - LANGUAGE CODE
Language English
082 ## - DEWEY DECIMAL CLASSIFICATION NUMBER
Classification number 570.15195
Item number PAT
100 ## - MAIN ENTRY--PERSONAL NAME
Personal name Patra, Biswanath
245 #0 - TITLE STATEMENT
Title Basic biostatistics /
Statement of responsibility, etc Biswanath Patra
260 ## - PUBLICATION, DISTRIBUTION, ETC. (IMPRINT)
Place of publication, distribution, etc New Delhi :
Name of publisher, distributor, etc Nipa,
Date of publication, distribution, etc 2025.
300 ## - PHYSICAL DESCRIPTION
Extent x, 253 p.; hb
650 ## - SUBJECT ADDED ENTRY--TOPICAL TERM
Topical term or geographic name as entry element Biostatistics
700 ## - ADDED ENTRY--PERSONAL NAME
Personal name Bhushan, Bharat
700 ## - ADDED ENTRY--PERSONAL NAME
Personal name Gaur, Parth
700 ## - ADDED ENTRY--PERSONAL NAME
Personal name Purohit, Hitesh
942 ## - ADDED ENTRY ELEMENTS (KOHA)
Koha item type Text Books
Holdings
Withdrawn status Lost status Damaged status Not for loan Collection code Home library Location Shelving location Date of Cataloging Source of acquisition Total Checkouts Full call number Barcode Date last seen Price effective from Koha item type
        Non-fiction CUTN Central Library CUTN Central Library Sciences 29/04/2026 Shanti Books, Chennai - Invoice No. 3100 on 09-02-2026   570.15195 PAT 56269 29/04/2026 29/04/2026 Text Books